000 00377nam a2200133Ia 4500
008 230917s9999||||xx |||||||||||||| ||und||
040 _e30573
_aMAIN
041 _aEnglish
082 _a352.0544 P192P
245 0 _aPanchayati raj ke naveen aayam: Rajasthan rajya ke preprekshy mein ek adhyayan
260 _aJaipaur
_bUniversity Book
_c1998
300 _a160 p.
942 _cBK
999 _c100748
_d100748